000 00582nam a2200205Ii 4500
003 JO-AjNU
008 230606s9999||||xx |||||||||||||| ||und||
020 _a81-88458-13-9
040 _aJO-AjNU
_beng
_erda
_cJO-AjNU
041 _aeng
050 1 4 _aTK7895 2003
100 3 _aGautam/Jaiswal,
_eauthor
_9301
245 0 0 _aMicroprocessors and Applications
264 3 1 _aNew Delhi:S.K KATARIA ,2003
300 _a402P
336 _atext
_btxt
_2rdacontent
337 _aunmediated
_bn
_2rdamedia
338 _avolume
_bnc
_2rdacarrier
650 4 _aMicroprocessors- Applications
_9302
999 _aE159
_c159
_d159